1262 1679 1010 1050 1550 1728 1466 1251 1135 1731 1419 1413 1776 1975 1744 1640 1394 1180 1665 1802 1356 1692 1533 1419 1892 1323 1648 1735 1718 1770 1679 1467 1728 1477 1877 1608 1808 1055 1241 1008 1624 1443 1067 1695 1888 1246 1875 1638 1360 1995 1395 1470 1901 1543 1000 1275 1884 1896 1897 1736 1055 1349 1696 1532 1102 1293 1127 1700 1289 1171 1796 1914 1164 1631 1400 1845 1349 1385 1181 1100 1443 1782 1156 1599 1726 1735 1216 1200 1458 1441 1197 1313 1480 1592 1615 1945 1086 1628 1207 BCNSPRNW ULIB Ver.6.0+V

เปลี่ยนเป็นภาษาไทย

Change to English
 แสดงรายละเอียดบรรณานุกรม
  กลับหน้าหลัก

Brief Record : Get Marc (ISO 2709) : E-mail record : QR code < ปิดหน้าต่าง
LEADER : 00000nam 2200000uu 4500
001    13399127956
003     ULIB
008    211117s2563||||th 000 0 tha d
020 ^  ^a9786163660770
050 ^  ^aนว.^bด179น
100 0  ^aดวงตะวัน.
245 1  ^aนางโจรมาลีญง /^cดวงตะวัน.
250 ^  ^aพิมพ์ครั้งที่ 1.
260 ^  ^aกรุงเทพฯ :^bดวงตะวัน (ดีบุ๊คส์),^c2563.
300 ^  ^a439 หน้า ;^c21 ซม.
650 ^  ^aนวนิยาย.
945    ^p350^l0^i008546
999    ^aประนอม เกษจรัล
รายการนี้ยังไม่มีแท็ก
คุณยังไม่ได้ล็อกอิน คุณสามารถมีกิจกรรมร่วมกับเว็บไซต์ได้ แต่ต้องล็อกอินก่อน ::
  ล็อกอิน

รายการสื่อสารสนเทศ

ลำดับที่ ประเภท เลขเรียก/บาร์โค้ด สถานที่ สถานะ
1. นวนิยาย
นวนิยาย
นว. ด179น ฉ.1 
  Barcode: 008546
ห้องสมุดวิทยาเขตสวรรค์ประชารักษ์
►นวนิยาย
บนชั้น
  ขอยืม

รายการใกล้เคียง
    ผู้แต่ง [ดวงตะวัน.]

    หัวเรื่อง [นวนิยาย.]

BibComment


ยังไม่เคยถูกคอมเมนท์

คอมเมนท์ทรัพยากรรายการนี้
  คอมเมนท์: นางโจรมาลีญง ดว..


 Copyright 2026. Bcnsprnw @Library